00557nam a22001817a 450000500170000001000150001702000260003202000230005803500140008103700130009508200150010810000190012324500860014226000370022827000440026530000250030950000410033420161128122710.0 aENG-116669 a9788186038260c750.00 a8186038264c750.00 aEN-100201 bDBAD/PUB a305.420954 aGupta, kaushal aPerspectives on women :c by Kaushal Gupta bRammohan Roy,Gokhale [and] Gandhi / aDelhibShree Kala Prakashnc2012 a42/43,U.B. Jawahar NagarbDelhie110007 axiv,251p. c23cm(Hb) aIncludes bibliographical references